LIBRARY & INFORMATION CENTRE, KCAET, TAVANUR

ONLINE PUBLIC ACCESS CATALOGUE (OPAC)

Biostatistics: Afoundation for analysis in the health science / (Record no. 1943)

MARC details
000 -LEADER
fixed length control field 00473cam a2200181ua 4500
041 ## - LANGUAGE CODE
Language code of text/sound track or separate title eng
082 ## - DEWEY DECIMAL CLASSIFICATION NUMBER
Classification number 574.015195
Item number DAN/BI
100 ## - MAIN ENTRY--AUTHOR NAME
Personal name Daniel, Wayre.W .
245 ## - TITLE STATEMENT
Title Biostatistics: Afoundation for analysis in the health science /
250 ## - EDITION STATEMENT
Edition statement 4 /
260 ## - PUBLICATION, DISTRIBUTION, ETC. (IMPRINT)
Place of publication :
Name of publisher John Wiley & Sons ,
Year of publication 1987.
300 ## - PHYSICAL DESCRIPTION
Number of Pages 734 ; .
942 ## - ADDED ENTRY ELEMENTS (KOHA)
Koha item type Books
Holdings
Withdrawn status Lost status Damaged status Home library Current library Date acquired Full call number Accession Number Koha item type
      KAUAET KAUAET 07/04/2012 574.015195 DAN/BI 17988 Books
free website counter